[Event "Dortmund SuperGM 41st"]
[Site "Dortmund"]
[Date "2013.07.30"]
[Round "5"]
[White "Caruana, Fabiano"]
[Black "Naiditsch, Arkadij"]
[Result "1/2-1/2"]
[WhiteElo "2796"]
[BlackElo "2710"]
[Annotator "Kritz,L"]
[PlyCount "106"]
[EventDate "2013.07.26"]
[EventType "tourn"]
[EventRounds "9"]
[EventCountry "GER"]
[EventCategory "19"]
[SourceTitle "CBM 156"]
[Source "ChessBase"]
[SourceDate "2013.09.17"]
[SourceVersion "1"]
[SourceVersionDate "2013.09.17"]
[SourceQuality "1"]

1. e4 e5 2. Nf3 Nc6 3. d4 exd4 4. Nxd4 Nf6 5. Nc3 {Man kann nicht sagen, dass
dieser Zug Weiß viel verspricht, aber wenn man keine scharfen Varianten
spielen will, ist es die richtige Fortsetzung.} (5. Nxc6 bxc6 6. e5 {führt zu
langen, komplizierten Varianten:} Qe7 7. Qe2 Nd5 8. c4 $132) 5... Bb4 6. Nxc6
bxc6 7. Bd3 d5 8. exd5 cxd5 9. O-O {Das Endspiel nach 9.Qe2 ist ausgeglichen.}
(9. Qe2+ Qe7 10. Qxe7+ Kxe7 11. O-O (11. Bd2 c6 12. O-O-O Re8 13. Rhe1+ Kf8 14.
Rxe8+ Kxe8 15. Be3 Be6 $11 {1/2-1/2 Kharchenko,B (2506)-Aleksandrov,A (2637)/
Izhevsk 2013/CB29_2013 (39)}) 11... c6 12. Na4 Re8 $11) 9... O-O 10. h3 (10.
Bg5 c6 11. Qf3 Be7 12. h3 h6 13. Bf4 Nd7 14. Na4 Nb6 15. Nxb6 axb6 $11 {
1/2-1/2 Galkin,A (2598)-Karjakin,S (2788)/Moscow 2011/CBM 144 (41)}) (10. Bd2
$2 Rb8 11. Be3 Bd6 12. h3 c5 $15 {0-1 Gunnarsson,A (2227)-Bykhovsky,A (2409)/
Reykjavik 2000/CBM 075 ext (39)}) 10... Rb8 {Öfters wird 10....c6 gespielt.} (
10... c6 11. Qf3 Re8 12. Bg5 (12. Bf4 Bd6 13. Rfe1 Be6 14. Ne2 Qb8 15. b3 Bd7
$11 {1/2-1/2 Andreikin,D (2713)-Karjakin,S (2782)/Moscow 2013/CB23_2013 (44)})
12... h6 13. Bxf6 Qxf6 14. Qxf6 gxf6 15. Ne2 Bd6 16. Rad1 Be6 17. Ng3 Rab8 18.
Nh5 Be5 19. b3 $11 {0-1 Morozevich,A (2760)-Caruana,F (2774)/Moscow 2013/
CB25_2013 (40)}) 11. Qf3 Re8 (11... c6 12. Bf4 Bd6 13. b3 Qc7 14. Bxd6 Qxd6 15.
Rfe1 Bd7 16. Qg3 Qxg3 17. fxg3 Rfe8 $11 {1-0 Andreikin,D (2713)-Morozevich,A 
(2760)/Moscow 2013/CB23_2013 (32)}) 12. Bg5 (12. Bf4 Bd6 13. b3 Bb7 (13... d4
$5 14. Bxd6 Qxd6 15. Nb5 Qd7 16. Na3 Bb7 $132) 14. Bxd6 Qxd6 15. Qg3 Re5 16.
Rae1 Ne4 17. Nxe4 dxe4 18. Bc4 Bc6 19. Qe3 Ra5 $11 {1-0 Giri,A (2730)-Buhmann,
R (2584)/Germany 2013/CB05_2013 (39)}) 12... c6 {Eigentlich ist die Idee
solcher Zugfolge, die lange Diagonale offen zu halten. Aber wie man sehen kann,
ist 12....Bb7 ziemlich riskant.} (12... Bb7 13. Nb5 Be7 14. Rae1 d4 15. Qf5 Ne4
16. Bxe4 g6 17. Bxe7 Rxe7 18. Qc5 Rxe4 19. b3 $14 {1-0 Adams,M (2710)
-Fressinet,L (2693)/England 2013/CB18_2013 (69)}) 13. Ne2 {Es gibt nichts
Neues in dieser Stellung - viele Partien waren hier gespielt und es wurde
festgestellt, dass Weiß auf keinen Vorteil hoffen sollte. Die vorliegende
Partie bestätigt ein Mal mehr diese Behauptung.} Bd6 (13... Be7 $5 14. b3 (14.
Nd4 Bd7 15. Rfe1 h6 16. Bh4 Rb4 17. c3 Rxb2 18. Nf5 Bxf5 19. Qxf5 Ne4 $15 {
1/2-1/2 So,W (2531)-Kazhgaleyev,M (2599)/Macau 2007/EXT 2008 (52)}) 14... Ne4 (
14... h6 $2 15. Bxh6 gxh6 16. Qg3+ Bg4 (16... Kh8 17. Qxb8 $18) 17. hxg4 $16 {
1/2-1/2 Shrestha,K (2154)-Iuldachev,S (2526)/New Delhi 2008/CBM 122 Extra (30)}
) 15. Bxe7 Qxe7 $11) 14. Bxf6 {Das Endspiel wurde ebenfalls sehr oft gespielt;
ohne wirklichen Erfolg für Weiß - der schwarzfeldrige Läufer ist wichtiger als
die zerstörte Bauernstruktur am Königsflügel.} (14. Nd4 $6 Bd7 15. b3 Be5 16.
c3 c5 $17) 14... Qxf6 15. Qxf6 gxf6 16. b3 Rb6 {Der Turm steht auf der 6.
Reihe sehr gut.} (16... Bd7 17. Rad1 Re5 18. Nd4 Bb4 $132) 17. Ng3 c5 18. Nh5 (
18. f4 Bd7 (18... Be6 19. Nh5 Be7 20. f5 Bc8 21. Rf4 Bd8 22. Rg4+ Kh8 23. Rg7
Re7 $11) 19. Nh5 Be7 20. Rae1 Re6 $11) (18. Rfe1 Rxe1+ 19. Rxe1 Be6 20. c4 dxc4
21. Bxc4 Bxg3 22. fxg3 Bxc4 23. bxc4 Rb4 $11) 18... Be5 $1 {Der Läufer geht
nach c3 von wo er das Feld e1 kontrollieren und den Bauer f6 verteidigen wird.}
19. Rad1 f5 20. f4 (20. Rfe1 Kf8 $11) 20... Bc3 21. Rf3 d4 22. Ng3 (22. Rg3+
Kf8 (22... Rg6 $4 23. Nf6+ Kf8 24. Rxg6 fxg6 25. Nxe8 $18) 23. Rg7 $2 Rh6 24.
Bc4 Re7 $17) 22... Rf6 {Es sieht so aus, als ob Schwarz eine Schwäche auf f5
hätte, doch Weiß kann nicht wirklich dran kommen. Dazu kann der König noch zu
der Verteidigung des Bauern f5 gelangen.} 23. Bb5 Re1+ 24. Rxe1 Bxe1 25. Kf1
Bd2 {Der Bauer f4 ist auch nicht gerade stark.} 26. Bd3 Be3 27. Nh5 Rb6 28. g4
{Zugwiederholung ist nicht möglich.} (28. Ng3 Bb7 29. Rxe3 dxe3 30. Nxf5 Re6
31. g3 (31. Be2 Rf6 32. g4 Be4 33. Nxe3 Rxf4+ $19) 31... Bg2+ $1 32. Kxg2 (32.
Ke2 Bxh3 $19) 32... e2 $19) 28... Rh6 {Langsam aber sicher hat Schwarz die
Initiative übernommen.} 29. Rg3 (29. Kg2 $4 fxg4 30. hxg4 Bb7 $19) 29... Kf8
30. Be2 Bb7 $6 {Das lässt den großen Teil des Vorteils aus.} (30... fxg4 31.
hxg4 (31. Bxg4 Bb7 $17) 31... f6 $5 $15 {Mit der Idee Bd7-Be8!}) 31. g5 $1 Re6
(31... Rxh5 $5 32. Bxh5 Bxf4 33. Rf3 Bxf3 34. Bxf3 Bxg5 35. Be2 $11 {Der
Läufer geht nach d3, der König nach f3 - die Stellung ist absolut Remis.}) 32.
h4 Be4 33. Bd3 a5 34. Bxe4 fxe4 {Schwarz will kein Risiko eingehen.} (34...
Rxe4 $5 35. Rf3 Bd2 36. Nf6 Re1+ 37. Kg2 $13 Rc1 $2 38. Rf2 Rxc2 39. Re2 $16)
35. Ke2 c4 {Nach dem Läufertausch hat sich die Stellung wesentlich vereinfacht,
und Weiß bekommt sehr gute Chancen, um auszugleichen.} 36. f5 (36. bxc4 $6 {
Weiß hat es nicht mehr nötig, in Komplikationen zu gehen.} Rb6 37. Nf6 Rb2 38.
Kd1 Rxa2 39. Nxh7+ Kg7 40. Nf6 a4 41. h5 a3 42. h6+ Kg6 43. Rh3 Ra1+ 44. Ke2 a2
45. h7 Re1+ 46. Kxe1 a1=Q+ 47. Ke2 Qg1 $19 {Diese Variante ist nicht forciert,
aber man kann sehen, dass Weiß zusätzliche Probleme zu lösen bekommt.}) 36...
Re5 37. Nf6 Rxf5 38. Rg2 cxb3 39. axb3 Rf4 (39... Re5 $4 40. Nd7+ $18) 40. h5 {
Einfacher war 40.Nd5!} (40. Nd5 $5 Rxh4 41. Nxe3 dxe3 42. Kxe3 Kg7 43. c4 $11 {
Dieses Endspiel ist remis, weil Schwarz nicht genug Zeit hat, um den Bauern g5
zu gewinnen.}) 40... Kg7 41. Ne8+ Kh8 42. Nd6 Bc1 43. g6 fxg6 44. hxg6 hxg6 $6
(44... h6 $1 {Das wäre der beste Versuch, um auf Gewinn zu spielen.} 45. g7+
Kg8 46. Rg6 $1 e3 47. Kd3 Rf2 48. Nc4 e2 49. Re6 $11) 45. Rxg6 Ba3 46. Re6 $1 {
Die Bauern müssen nun alle auf schwarze Felder und die Stellung ist remis.} e3
47. Kd3 Bxd6 (47... Kg7 48. Nb5 $11) 48. Rxd6 Kg7 49. Re6 Kf7 50. Re5 Kf6 51.
Re8 Kf7 (51... Kf5 52. c3 dxc3 53. Rxe3 $11) 52. Re5 Kf6 53. Re8 Kf7 1/2-1/2

[Event "Cirella di Diamante"]
[Site "Cirella di Diamante"]
[Date "1976.12.??"]
[Round "?"]
[White "Bellon Lopez, Juan Manuel"]
[Black "Wagman, Stuart"]
[Result "1-0"]
[WhiteElo "2475"]
[BlackElo "2325"]
[Annotator "Kupper,J"]
[PlyCount "27"]
[EventDate "1976.12.??"]
[EventType "tourn"]
[EventRounds "11"]
[EventCountry "ITA"]
[EventCategory "5"]
[SourceTitle "EXT 2012"]
[Source "ChessBase"]
[SourceDate "2011.11.24"]
[SourceVersion "1"]
[SourceVersionDate "2011.11.24"]
[SourceQuality "1"]

{Inf 23/(247) Basler Zeitung Nr. 93 vom 21.04.1979 Fast immer ist es eine gute
Idee, den Gegner in der Eröffnung mit einer Spielweise zu überraschen, auf die
er kaum vorbereitet sein kann. Die Eröffnungstheorie ist von scharfen
Spielweisen gespickt, die darauf warten, aus der Versenkung wieder
aufzutauchen, in der sie verschwunden sind. Voraussetzungen für den Erfolg
sind dann: gründliche Aneignung der theoretischen Vorbilder und ein Gegner,
der sich auf die Variante einlässt. Zu einem Gambit sollte sich nur ein
Angriffsspieler entschließen, der sich beim offenen Schlagabtausch wohlfühlt.} 
1. e4 e5 2. Nf3 Nc6 3. Nc3 Nf6 4. d4 {Das schottische Vierspringerspiel ist
eine seltene "Pflanze" in der Turnierarena. Der Spanier Bellon hat eine
Gambitvariante im Auge, die aus jugoslawischen Schachkreisen stammt.} exd4 5.
Nd5 $5 {Weiß stürzt sich damit in ein Abenteuer.} ({In ein ruhigeres
Fahrwasser lenkt} 5. Nxd4 {ein.}) 5... Nxe4 {Ein Widerlegungsversuch.} ({
Weniger gut ist} 5... Nxd5 6. exd5 Bb4+ (6... Nb4 7. Bc4 Qe7+ 8. Kd2 $1 Qc5 9.
Re1+ Be7 10. Qe2 {ist für Weiß ebenfalls sehr vorteilhaft.}) 7. Bd2 Qe7+ 8. Qe2
Bxd2+ 9. Kxd2 Qxe2+ 10. Bxe2 Ne7 11. d6 cxd6 12. Nxd4 {und das Endspiel steht
vielversprechend.}) ({Am einfachsten spielt Schwarz wohl} 5... Be7 6. Bf4 (6.
Nxd4 Nxd5 7. exd5 Nxd4 8. Qxd4 O-O) 6... d6 7. Nxd4 Nxd5 8. exd5 Nxd4 9. Qxd4
Bf6 {und steht gleich.}) 6. Qe2 f5 7. Bf4 ({nicht} 7. Nd2 d3 $1 8. Qxd3 Nb4 9.
Nxb4 Bxb4 10. c3 Bc5 11. Nxe4 Qe7 {zugunsten von Schwarz.}) ({Die Theorie
führt hauptsächlich} 7. Ng5 {an.}) 7... d6 8. O-O-O Ne5 $6 {Wagman, offenbar
mit der Spielweise wenig vertraut, "erfindet" etwas Neues.} ({An der
theoretischen Fortsetzung} 8... Be6 9. Nxd4 Nxd4 10. Rxd4 c6 $1 {gibt es
nichts auszusetzen.}) ({sogar} 8... Be7 9. Nxd4 Nxd4 10. Rxd4 O-O 11. f3 Bf6 {
kommt in Betracht.}) 9. Rxd4 c6 10. Nxe5 dxe5 11. Rxe4 $1 {Löst den gordischen
Knoten, wie 11...fxe4 12.Dh5+ zeigt.} Bd6 {Das aber ist ein klarer Fehlgriff.}
({Schwarz sollte sich zu} 11... cxd5 12. Rxe5+ Kf7 {verstehen.}) 12. Rxe5+ $1
Kf7 ({Dabei dachte Weiß an} 12... Bxe5 13. Qxe5+ Kf7 14. Nc7 Rb8 15. Bc4+ Kg6
16. h4 h5 17. Rh3 {mit entscheidendem Angriff.}) 13. Nc7 $3 Qxc7 ({Falls
nämlich} 13... Bxc7 {so} 14. Qh5+ Kf8 15. Bc4 Qd7 16. Rd1 {und Weiß gewinnt.})
14. Qh5+ (14. Qh5+ g6 15. Bc4+ Kf6 16. Bg5+ Kxe5 17. Qe2+ Kd4 18. c3+ Kc5 19.
Be3# {Ein Sturmsieg.}) 1-0

[Event "Correze m"]
[Site "Correze"]
[Date "1992.??.??"]
[Round "5"]
[White "Lautier, Joel"]
[Black "Sokolov, Ivan"]
[Result "1/2-1/2"]
[WhiteElo "2580"]
[BlackElo "2630"]
[Annotator "Lautier,J"]
[PlyCount "85"]
[EventDate "1992.03.??"]
[EventType "match"]
[EventRounds "6"]
[EventCountry "FRA"]
[SourceTitle "CBM 028"]
[Source "ChessBase"]
[SourceDate "1992.06.01"]
[SourceVersion "1"]
[SourceVersionDate "1992.06.01"]
[SourceQuality "1"]

1. e4 e5 2. Nf3 Nc6 3. Nc3 Nf6 4. d4 exd4 5. Nxd4 Bb4 6. Nxc6 bxc6 7. Bd3 d5 8.
exd5 cxd5 9. O-O O-O 10. Bg5 c6 11. Na4 $1 {N} Be7 (11... h6 $6 12. Bh4 Be7 13.
Re1 Be6 14. c3 $1 Re8 15. Bc2 Nd7 (15... Rb8 $2 16. Qd4 $1 $16 a5 17. Re3 Qc7
18. Rae1 c5 19. Qd3 g5 $2 20. Bg3 Bd6 21. Rxe6 $1 {1:0 Lautier 2580 - I.
Sokolov 2630, Corrèze (m/3) 1992}) 16. Bxe7 Qxe7 17. Qd3 g6 (17... Nf6 18. Qd4
{/\ Nc5}) 18. Re3 $14) 12. Re1 Be6 13. c3 Qc7 {/\ Ng4} 14. Qf3 Rfe8 (14... c5
15. Bf5 Qc6 16. b3 {/\ c4, Re2, Rae1 +/=}) 15. Re3 $2 (15. b4 Nd7 (15... Ng4
16. Bf4 Bd6 17. Bg3 $14) 16. Bxe7 Rxe7 17. Qe3 $1 $14 {/\ Qd4}) 15... Ng4 $2 (
15... Qa5 $1 16. Qd1 (16. Bc2 $2 d4 $1 $19) 16... c5 (16... d4 $2 17. Rg3 $14)
(16... Ng4 $2 17. Rxe6 fxe6 18. b4 $1 Qd8 19. Bxe7 Nxf2 20. Bxh7+ $1 $18) 17.
Bc2 Rad8 $15) 16. Bf4 (16. Rxe6 $2 Qxh2+ 17. Kf1 fxe6 {/\ Qh1-+}) 16... Qd7 (
16... Bd6 $2 17. Rxe6 Rxe6 18. Bxd6 $18) (16... Qa5 $2 17. Rxe6 fxe6 18. Qxg4
Qxa4 19. Qxe6+ Kh8 20. Qf5 g6 21. Be5+ Kg8 22. Qe6+ Kf8 23. Bxg6 $1 hxg6 24.
Qxg6 Red8 25. Bg7+ $18) 17. Re2 c5 18. b3 Nf6 19. h3 Bd6 $1 (19... c4 20. Bc2
d4 21. cxd4 cxb3 22. axb3 Qxd4 23. Be5 Qb4 24. Bc3 $14) 20. Rae1 (20. Bg5 $2 c4
21. Bc2 Ne4 22. Bxe4 dxe4 23. Rxe4 cxb3 24. axb3 Bxb3 $17) 20... Qc7 $6 (20...
Bxf4 21. Qxf4 Rac8 $10) 21. Bg5 Nd7 22. Qh5 $1 Nf8 23. Bd2 (23. c4 $5 d4 (23...
f6 $2 24. cxd5 Bf7 25. Bxh7+ $1 $18) 24. Be4 Rab8 25. Nb2 a5 26. Bd2 $14) 23...
Qd7 $6 (23... Rad8 24. c4 $14) (23... Qc6 {>=}) 24. f4 $1 $14 c4 25. Bc2 f6 26.
Bf5 $1 Rab8 $5 (26... Bxf5 $2 27. Rxe8 g6 (27... Bg6 28. Qxd5+ Bf7 29. Qxa8 $18
) 28. Qe2 Bd3 29. Qe6+ Qxe6 30. R1xe6 $18) (26... g6 27. Bxe6+ Nxe6 28. Qf3 (
28. Qxd5 $4 Bc5+ $19) 28... Nc7 $14) 27. Kh1 $1 {/\ 28.Be6, 29.Qd5} Bxf5 28.
Rxe8 Rb7 $2 (28... Bg6 29. Qxd5+ Bf7 30. Rxf8+ (30. Nc5 $2 Rxe8 31. Rxe8 Qxh3+
$1 32. gxh3 Bxd5+ 33. Kh2 Bxc5 $17) 30... Kxf8 31. Qd4 Qc6 $1 $44 (31... cxb3
$2 32. axb3 Bxb3 33. Nc5 Qc6 34. Nxb3 Rxb3 35. Qxa7 $16)) 29. Qf3 Bg6 (29...
Be4 $2 30. R8xe4 dxe4 31. Qxe4 cxb3 32. axb3 Rxb3 33. Qd5+ $18) 30. Ra8 $16
cxb3 (30... Qc6 {>=} 31. f5 Bf7 32. Be3 $1 cxb3 33. axb3 Rxb3 34. Rxa7 Ra3 35.
Qg4 $16) 31. axb3 Qc6 32. f5 Bf7 33. Bf4 $5 (33. Be3 $16) (33. c4 $5 Rd7 34.
Rae8 Bxe8 35. Rxe8 $16) 33... Rd7 $1 34. Bxd6 Qxa8 35. Bxf8 $2 (35. Qg3 $1 $16
{/\} Qd8 $2 36. Nc5 Rxd6 37. Nb7 $18) 35... Qxf8 36. b4 Re7 37. Qg3 Rxe1+ 38.
Qxe1 Qc8 39. Qe7 d4 $1 40. cxd4 (40. Qxa7 Be8 $1 (40... dxc3 $2 41. Nxc3) 41.
Nc5 dxc3 42. Qa2+ Bf7 43. Qc2 Bd5 $10) 40... Qc1+ 41. Kh2 Qf4+ 42. Kh1 Qf1+ 43.
Kh2 1/2-1/2

[Event "EU-ch 13th"]
[Site "Plovdiv"]
[Date "2012.03.30"]
[Round "10"]
[White "Kabanov, Nikolai"]
[Black "Iordachescu, Viorel"]
[Result "0-1"]
[WhiteElo "2502"]
[BlackElo "2644"]
[Annotator "Let's Check Training"]
[PlyCount "110"]
[EventDate "2012.03.20"]
[EventType "swiss"]
[EventRounds "11"]
[EventCountry "BUL"]
[SourceTitle "CBM 148"]
[Source "ChessBase"]
[SourceDate "2012.05.16"]
[SourceVersion "1"]
[SourceVersionDate "2012.05.16"]
[SourceQuality "1"]

1. e4 e5 2. Nf3 Nc6 3. Nc3 Nf6 4. d4 exd4 5. Nd5 Be7 6. Bc4 d6 7. Nxd4 Nxd5 8.
Bxd5 Nxd4 9. Qxd4 Bf6 10. Qd3 O-O 11. c3 c6 12. Bb3 Re8 13. O-O Be6 14. Bc2 g6
15. f4 Qb6+ 16. Kh1 d5 17. e5 Bf5 18. Qe2 Bxc2 19. Qxc2 Bg7 20. Rf3 d4 21. cxd4
Qxd4 22. Rd3 Qe4 23. Be3 a5 24. Rad1 a4 25. Qc3 g5 26. fxg5 Bxe5 27. Qd2 Bc7
28. Qf2 Qe5 29. Qh4 Rad8 30. g6 {[%tqu "En","","","","h7g6","",10]} hxg6 $1 31.
Bd4 Qh5 32. Qxh5 gxh5 33. g3 Rd5 34. Bc3 Red8 35. Rxd5 Rxd5 36. Re1 Kf8 37. Re4
b5 38. Kg2 c5 39. a3 Bd6 40. Kf3 Rf5+ 41. Ke2 Rd5 42. Kf3 Be7 43. Ke2 Rd8 $6 (
43... c4 44. Re3 Bc5 $17) 44. h3 Rd5 45. g4 h4 46. Rf4 Bd8 47. Re4 Bc7 $2 (
47... Bg5 48. Ba5 f6 $19) 48. Kf2 $6 (48. Bf6 Bd8 49. g5 $11) 48... Rd3 $17 49.
Re3 Rd5 $2 (49... Rxe3 50. Kxe3 Ke7 $19) 50. Re4 Bd6 51. Kg2 $2 (51. Bf6 Rd2+
52. Kf3 $17) 51... Rd3 $19 52. Be1 Be7 53. Rf4 Rb3 54. Bc3 b4 55. axb4 a3 0-1